000 004180000a22001690004500
003 MACL
005 20160102155608.0
008 160102b xxu||||| |||| 00| 0 eng d
040 _aMACL
_cMACL
041 _aEnglish
082 _a700/VAL
100 _aVallois, G M
_927317
245 _aAntiques and Curios In Our Homes
260 _bT Werner Laurie
_aLondon
650 _aFine Art
_97469
942 _cBK
_k700/VAL
_2ddc
999 _c37816
_d37816